<?xml version="1.0" encoding="UTF-8"?>
<collection xmlns="http://www.loc.gov/MARC21/slim">
 <record>
  <leader>01267nam a22002655a 4500</leader>
  <controlfield tag="001">EEA.libagro011367</controlfield>
  <controlfield tag="008">211229s2021####ag#a##########000#0#spa#d</controlfield>
  <controlfield tag="005">20220202092028.0</controlfield>
  <datafield tag="245" ind1="1" ind2="0">
   <subfield code="a">Experiencia laboral en la &quot;Estancia Cerro Napostá Grande&quot; como validación de las competencias profesionales del Ingeniero Agrónomo. /</subfield>
   <subfield code="c">Tobías Meyer.</subfield>
  </datafield>
  <datafield tag="260" ind1=" " ind2=" ">
   <subfield code="a">Bahía Blanca,</subfield>
   <subfield code="c">2021.</subfield>
  </datafield>
  <datafield tag="300" ind1=" " ind2=" ">
   <subfield code="a">51 h. :</subfield>
   <subfield code="b">il. col., fot. col. ;</subfield>
   <subfield code="c">30 cm.</subfield>
  </datafield>
  <datafield tag="500" ind1=" " ind2=" ">
   <subfield code="a">Trabajo de intensificación (Ingeniero Agrónomo) -- Universidad Nacional del Sur. Departamento de Agronomía, 2021.</subfield>
  </datafield>
  <datafield tag="530" ind1=" " ind2=" ">
   <subfield code="a">Disponible también en línea.</subfield>
  </datafield>
  <datafield tag="100" ind1="1" ind2=" ">
   <subfield code="a">Meyer, Tobías.</subfield>
  </datafield>
  <datafield tag="700" ind1="1" ind2=" ">
   <subfield code="a">Pellegrini, Cecilia N.,</subfield>
   <subfield code="e">tutor.</subfield>
  </datafield>
  <datafield tag="710" ind1="2" ind2=" ">
   <subfield code="a">Universidad Nacional del Sur.</subfield>
   <subfield code="b">Departamento de Agronomía.</subfield>
  </datafield>
  <datafield tag="082" ind1="0" ind2="4">
   <subfield code="a">378.82</subfield>
   <subfield code="2">20</subfield>
  </datafield>
  <datafield tag="650" ind1=" " ind2="7">
   <subfield code="a">Agronomía</subfield>
   <subfield code="x">Enseñanza profesional (nivel universitario)</subfield>
   <subfield code="2">unbist</subfield>
  </datafield>
  <datafield tag="650" ind1=" " ind2="7">
   <subfield code="a">Ingeniería agrícola</subfield>
   <subfield code="x">Enseñanza profesional (nivel universitario)</subfield>
   <subfield code="2">unbist</subfield>
  </datafield>
  <datafield tag="653" ind1=" " ind2=" ">
   <subfield code="a">Práctica profesional</subfield>
  </datafield>
  <datafield tag="650" ind1=" " ind2="7">
   <subfield code="a">Agricultura</subfield>
   <subfield code="2">agrovoc</subfield>
  </datafield>
  <datafield tag="650" ind1=" " ind2="7">
   <subfield code="a">Ganadería</subfield>
   <subfield code="2">agrovoc</subfield>
  </datafield>
  <datafield tag="651" ind1=" " ind2="4">
   <subfield code="a">Tornquist (Argentina : Partido)</subfield>
  </datafield>
  <datafield tag="856" ind1="4" ind2="1">
   <subfield code="y">Acceso a texto completo</subfield>
   <subfield code="u">https://repositoriodigital.uns.edu.ar/xmlui/handle/123456789/5852</subfield>
  </datafield>
  <datafield tag="859" ind1=" " ind2=" ">
   <subfield code="a">AR-BbBCA</subfield>
   <subfield code="b">BIB. AGRONOMIA</subfield>
   <subfield code="h">378.82</subfield>
   <subfield code="i">M338</subfield>
   <subfield code="p">2021/7200</subfield>
  </datafield>
 </record>
</collection>
